000 00490nas a22001457a 4500
008 130408t19989999ag ||||| |||| 00| 0 spa d
022 _a1515-3878
245 _aSeparata
260 _aBuenos Aires,
_bQuimica Montpellier:
_c1998
300 _av. :
546 _aespaƱol
590 _aExistencias: 1998 (2 numeros); 1999 (3 numeros); 2000 (4 numeros); 2001 (4 numeros); 2002 (1-5); 2003 (3 numeros); 2004 (3 numeros); 2005 (2 numeros)
650 _aMEDICINA INTERNA
_91738
942 _2ddc
_cCR
999 _c1302
_d1302